Revista andina / (Record no. 21840)

000 -CABECERA
fixed length control field 02271nam a22004097a 4500
003 - IDENTIFICADOR DEL NÚMERO DE CONTROL
control field AR-CdUCM
008 - DATOS DE LONGITUD FIJA--INFORMACIÓN GENERAL
fixed length control field 190425b ||||| |||| 00| 0 spa d
040 ## - FUENTE DE LA CATALOGACIÓN
Agencia/entidad que catalogó originalmente la obra MUNICIPALIDAD PROVINCIAL DEL CUSCO
Entidad que transcribió la catalogación BIBLIOTECA MUNICIPAL DEL CUSCO
082 ## - NÚMERO DE LA CLASIFICACIÓN DECIMAL DEWEY
No. de Clasificación Rev.Andi/N°17/1991
110 ## - ENTRADA PRINCIPAL--NOMBRE DE ENTIDAD CORPORATIVA
Nombre de la institución, jurisdicción como entrada principal Centro Bartolomé de Las Casas
9 (RLIN) 3293
245 ## - MENCIÓN DE TÍTULO
Título Revista andina /
Mención de responsabilidad Centro de estudios rurales andinos Bartolomé de Las Casas Cusco
260 ## - PUBLICACIÓN, DISTRIBUCIÓN, ETC.
Lugar de publicación, distribución, etc. Cusco :
Nombre de la editorial, distribuidor, etc. Centro Bartolomé de Las Casas,
Fecha de publicación, distribución, etc. 1991.
300 ## - DESCRIPCIÓN FÍSICA
Nº de Páginas Extensión 292 páginas. :
Dimensiones 23 cm.
440 ## - MENCIÓN DE SERIE/PUNTO DE ACCESO ADICIONAL--TÍTULO
Título Publicación Semestral del Centro Bartolomé de Las Casas Cusco.
Número de la parte/sección de una obra Año 9, Número 17, N°1, Primer semestre 1991.
9 (RLIN) 46366
505 ## - NOTA DE CONTENIDO CON FORMATO
Nota de contenido formateada Contenido: Las mujeres son más indias etnicidad y género en una comunidad del Cusco. Marisol de la Cadena. -- Presente y futuro de la lingüística andina. Willem F. H. Adelaar. -- Lengua general y comunicación escrita cinco cartas en quechua de Cotahuasi 1616. César Itier. -- El arte colonial peruano y la bibliografía especializada de una década. 1980-1990. Concepción García Sáiz. -- Historia y etnohistoria andinas. Henrique Urbano. -- La investigación sobre la historia de los siglos XVI y XVII (Perú, 1980-1990). Gabriela Ramos, Pedro Guibovich. -- Historia económica colonial tardía el panorama bibliográfico de una década los años 80. Susana Aldana Rivera. -- La historiografía peruana sobre el siglo XIX. Nelson Manrique. -- La Historia en el Ecuador (1980-1990). Víctor Peralta Ruíz.
650 ## - PUNTO DE ACCESO ADICIONAL DE MATERIA--TÉRMINO DE MATERIA
Descriptor Etnohistoria
9 (RLIN) 2030
650 ## - PUNTO DE ACCESO ADICIONAL DE MATERIA--TÉRMINO DE MATERIA
Descriptor Historia
9 (RLIN) 46367
650 ## - PUNTO DE ACCESO ADICIONAL DE MATERIA--TÉRMINO DE MATERIA
Descriptor Historia del arte
9 (RLIN) 1647
650 ## - PUNTO DE ACCESO ADICIONAL DE MATERIA--TÉRMINO DE MATERIA
Descriptor Arte colonial
9 (RLIN) 13403
650 ## - PUNTO DE ACCESO ADICIONAL DE MATERIA--TÉRMINO DE MATERIA
Descriptor Genero
9 (RLIN) 46368
650 ## - PUNTO DE ACCESO ADICIONAL DE MATERIA--TÉRMINO DE MATERIA
Descriptor Etnicidad
9 (RLIN) 1315
650 ## - PUNTO DE ACCESO ADICIONAL DE MATERIA--TÉRMINO DE MATERIA
Descriptor Lingüística andina
9 (RLIN) 46322
650 ## - PUNTO DE ACCESO ADICIONAL DE MATERIA--TÉRMINO DE MATERIA
Descriptor Comunicación escrita
9 (RLIN) 39727
700 ## - PUNTO DE ACCESO ADICIONAL--NOMBRE DE PERSONA
Nombre Personal De la Cadena, Marisol
9 (RLIN) 46243
700 ## - PUNTO DE ACCESO ADICIONAL--NOMBRE DE PERSONA
Nombre Personal Adelaar, Willem
9 (RLIN) 46350
700 ## - PUNTO DE ACCESO ADICIONAL--NOMBRE DE PERSONA
Nombre Personal Itier, César
9 (RLIN) 46369
700 ## - PUNTO DE ACCESO ADICIONAL--NOMBRE DE PERSONA
Nombre Personal García Sáiz, Concepción
9 (RLIN) 46370
700 ## - PUNTO DE ACCESO ADICIONAL--NOMBRE DE PERSONA
Nombre Personal Urbano, Henrique
9 (RLIN) 2078
700 ## - PUNTO DE ACCESO ADICIONAL--NOMBRE DE PERSONA
Nombre Personal Ramos, Gabriela
9 (RLIN) 3201
700 ## - PUNTO DE ACCESO ADICIONAL--NOMBRE DE PERSONA
Nombre Personal Guibovich, Pedro
9 (RLIN) 46371
700 ## - PUNTO DE ACCESO ADICIONAL--NOMBRE DE PERSONA
Nombre Personal Aldana Rivera, Susana
9 (RLIN) 15593
700 ## - PUNTO DE ACCESO ADICIONAL--NOMBRE DE PERSONA
Nombre Personal Manrique, Nelson
9 (RLIN) 2258
700 ## - PUNTO DE ACCESO ADICIONAL--NOMBRE DE PERSONA
Nombre Personal Peralta Ruíz, Víctor
9 (RLIN) 46372
942 ## - ELEMENTOS DE PUNTO DE ACCESO ADICIONAL (KOHA)
Fuente de clasificación
Tipo de item Revistas cusqueñas
945 ## - PROCESAMIENTO DE INFORMACIÓN LOCAL (OCLC)
Catalogador rac
Holdings
Estado de retiro (separado) Fuente de clasificación o esquema de estanterías Estado dañado Ubicación Sala donde se ubica Nombre de la colección Fecha de adquisición o compra Costo, precio normal en soles Signatura topográfica Código de Barras Última vez visto (Koha) Tipo de ítem (Koha)
No     Sala Hemeroteca Sala Hemeroteca Book Cart 2021-08-23 10.00 Rev.Andi/N°17/1991 REVC000314 2021-08-23 Revistas cusqueñas

Powered by Koha